[Event "Bogota Grand Prix Parada Bima 3rd"]
[Site "Bogota"]
[Date "2019.11.02"]
[Round "5.6"]
[White "Ferreira, Fabio Domingues"]
[Black "Chacon Contreras, Juan Fernando"]
[Result "0-1"]
[WhiteElo "1600"]
[BlackElo "2002"]
[PlyCount "122"]
[EventDate "2019.11.02"]
[EventType "swiss"]
[EventRounds "6"]
[EventCountry "COL"]
[SourceTitle "EXT 2024"]
[Source "ChessBase"]
[SourceDate "2023.10.10"]
[SourceVersion "1"]
[SourceVersionDate "2023.10.10"]
[SourceQuality "1"]

1. d4 Nf6 2. Nf3 g6 3. c4 Bg7 4. Nc3 d5 5. Bf4 0-0 6. e3 c5 7. Be2 cxd4 8. exd4 dxc4 9. Bxc4 Nc6 10. h3 Bf5 11. 0-0 Rc8 12. Bb3 Na5 13. Re1 b6 14. g4 Bd7 15. Qe2 e6 16. Qa6 Bc6 17. Ne5 Bb7 18. Qd3 Nxb3 19. axb3 a6 20. Nc4 Nd5 21. Bg3 Nb4 22. Qd2 Qxd4 23. Qxd4 Bxd4 24. Nd6 Rb8 25. Red1 Bc5 26. Nde4 Rbc8 27. Nf6+ Kg7 28. Be5 Nc6 29. Nh5+ Kg8 30. Nf6+ Kh8 31. Bf4 Kg7 32. Nd7 Rfd8 33. Bg5 Re8 34. Nf6 Nd4 35. Nxe8+ Rxe8 36. Be3 e5 37. Bxd4 Bxd4 38. Ra4 b5 39. Raa1 h5 40. Na2 hxg4 41. hxg4 Rh8 42. Kf1 Bf3 43. Ke1 Rh1+ 44. Kd2 Bxd1 45. Rxd1 Rh2 46. Nb4 Rxf2+ 47. Kd3 Rxb2 48. Nxa6 Rxb3+ 49. Ke4 f5+ 50. gxf5 Re3+ 51. Kd5 gxf5 52. Rb1 f4 53. Nc7 Kf6 54. Ne6 Bc3 55. Nc5 b4 56. Rg1 f3 57. Ne4+ Rxe4 58. Kxe4 f2 59. Rf1 Be1 60. Kd3 Kf5 61. Kc4 Ke4 0-1

[Event "Bogota Grand Prix Parada Bima 3rd"]
[Site "Bogota"]
[Date "2019.11.02"]
[Round "3.6"]
[White "Pinilla, Diego Alexander"]
[Black "Chacon Contreras, Juan Fernando"]
[Result "0-1"]
[WhiteElo "1675"]
[BlackElo "2002"]
[PlyCount "88"]
[EventDate "2019.11.02"]
[EventType "swiss"]
[EventRounds "6"]
[EventCountry "COL"]
[SourceTitle "EXT 2024"]
[Source "ChessBase"]
[SourceDate "2023.10.10"]
[SourceVersion "1"]
[SourceVersionDate "2023.10.10"]
[SourceQuality "1"]

1. e4 c5 2. Nc3 Nc6 3. g3 g6 4. d3 Bg7 5. Bg2 d6 6. Be3 e6 7. Qd2 Nge7 8. Bh6 0-0 9. h4 f6 10. Bxg7 Kxg7 11. h5 g5 12. f4 h6 13. Nf3 e5 14. fxg5 fxg5 15. Nxg5 hxg5 16. Qxg5+ Kh7 17. Nd5 Be6 18. Nf6+ Rxf6 19. Qxf6 Qg8 20. 0-0-0 Rf8 21. Qh4 Rf2 22. Rd2 Rf7 23. Bh3 Bxh3 24. Qxh3 Rg7 25. Rg2 Qxa2 26. c3 c4 27. g4 Qa1+ 28. Kc2 cxd3+ 29. Kxd3 Qa6+ 30. Kc2 Qa4+ 31. Kd2 Qxe4 32. Qd3 Qxd3+ 33. Kxd3 d5 34. Rf1 e4+ 35. Ke3 Ne5 36. Rf4 Nf3 37. c4 Ng5 38. Kd4 Ne6+ 39. Ke3 Nxf4 40. Kxf4 Rf7+ 41. Ke5 dxc4 42. Ke6 Rg7 43. g5 Nc6 44. Kf6 e3 0-1

[Event "COL-ch Amateur U2300"]
[Site "Bogota"]
[Date "2018.02.16"]
[Round "2"]
[White "Chacon Contreras, Juan Fernando"]
[Black "Velasquez, Angie Gabriela"]
[Result "1/2-1/2"]
[WhiteElo "2141"]
[BlackElo "1756"]
[PlyCount "36"]
[EventDate "2018.02.15"]
[EventType "swiss"]
[EventRounds "7"]
[EventCountry "COL"]
[SourceTitle "EXT 2024"]
[Source "ChessBase"]
[SourceDate "2023.10.10"]
[SourceVersion "1"]
[SourceVersionDate "2023.10.10"]
[SourceQuality "1"]

1. e4 c5 2. Nf3 e6 3. d4 cxd4 4. Nxd4 a6 5. Bd3 Nf6 6. 0-0 Qc7 7. Qe2 d6 8. c4 Be7 9. Nc3 0-0 10. Kh1 Nc6 11. Nxc6 bxc6 12. f4 Bb7 13. e5 Nd7 14. exd6 Bxd6 15. Ne4 Be7 16. Rf3 c5 17. Rh3 h6 18. Bd2 Nf6 1/2-1/2

[Event "Sala de Conferencias IPASM op 1er"]
[Site "Venezuela"]
[Date "2015.05.16"]
[Round "5.2"]
[White "Seguel Perez, Rene Alejandro"]
[Black "Chacon Contreras, Juan Fernando"]
[Result "0-1"]
[WhiteElo "1897"]
[BlackElo "2126"]
[PlyCount "52"]
[EventDate "2015.05.14"]
[EventType "swiss"]
[EventRounds "7"]
[EventCountry "VEN"]
[SourceTitle "EXT 2022"]
[Source "ChessBase"]
[SourceDate "2021.10.06"]
[SourceVersion "1"]
[SourceVersionDate "2021.10.06"]
[SourceQuality "1"]

1. e4 c5 2. c3 Nf6 3. e5 Nd5 4. Nf3 Nc6 5. d4 cxd4 6. Bc4 Nb6 7. Bb3 d5 8. cxd4 Bg4 9. Be3 e6 10. Nc3 Be7 11. 0-0 0-0 12. Rc1 Rc8 13. h3 Bh5 14. g4 Bg6 15. Ne2 Nc4 16. Nf4 Be4 17. Bxc4 dxc4 18. Nd2 Bd3 19. Nxd3 cxd3 20. Nb3 Qd5 21. Rc3 Rfd8 22. f4 Nb4 23. Rxc8 Rxc8 24. a3 Rc2 25. Nd2 Nc6 26. Nf3 Qe4 0-1

[Event "Caracas Hernandez Cup"]
[Site "Caracas"]
[Date "2014.10.12"]
[Round "9"]
[White "Teran Abreu, Lisyender Jesus"]
[Black "Chacon Contreras, Juan Fernando"]
[Result "1/2-1/2"]
[WhiteElo "2119"]
[BlackElo "2159"]
[PlyCount "31"]
[EventDate "2014.10.08"]
[EventType "swiss"]
[EventRounds "9"]
[EventCountry "VEN"]
[SourceTitle "EXT 2016"]
[Source "ChessBase"]
[SourceDate "2015.10.08"]
[SourceVersion "1"]
[SourceVersionDate "2015.10.08"]
[SourceQuality "1"]

1. e4 c5 2. Nf3 d6 3. d4 cxd4 4. Nxd4 Nf6 5. Nc3 a6 6. Be2 e6 7. 0-0 Be7 8. Be3 Qc7 9. f4 Nc6 10. Kh1 0-0 11. Nb3 b5 12. Bf3 Bb7 13. a3 Rfe8 14. Qe1 Bf8 15. Qg3 Nd7 16. Rae1 1/2-1/2

[Event "Caracas Hernandez Cup"]
[Site "Caracas"]
[Date "2014.10.10"]
[Round "4"]
[White "Chacon Contreras, Juan Fernando"]
[Black "Mora Moron, Jose Ramon"]
[Result "0-1"]
[WhiteElo "2159"]
[BlackElo "2180"]
[PlyCount "96"]
[EventDate "2014.10.08"]
[EventType "swiss"]
[EventRounds "9"]
[EventCountry "VEN"]
[SourceTitle "EXT 2016"]
[Source "ChessBase"]
[SourceDate "2015.10.08"]
[SourceVersion "1"]
[SourceVersionDate "2015.10.08"]
[SourceQuality "1"]

1. e4 c5 2. Nf3 e6 3. d4 cxd4 4. Nxd4 Nc6 5. Nc3 Qc7 6. Be3 Nf6 7. f3 Bb4 8. Qd2 0-0 9. a3 Be7 10. 0-0-0 a6 11. g4 b5 12. g5 Ne8 13. h4 b4 14. axb4 Bxb4 15. Kb1 Rb8 16. Nb3 d6 17. f4 a5 18. Qd3 Qb7 19. Na4 Na7 20. Nb6 a4 21. Nxa4 Bd7 22. Nb6 Bb5 23. c4 Bc6 24. Bg2 f5 25. c5 Bxc5 26. Nxc5 Qxb6 27. Nb3 Qxb3 28. Qxb3 Rxb3 29. Bxa7 Rg3 30. Rc1 Bb7 31. Rh2 Rxg2 32. Rxg2 Bxe4+ 33. Rgc2 Rf7 34. Bb6 Rb7 35. Ba5 Nc7 36. Ka2 Bxc2 37. Rxc2 Nd5 38. Ka3 Nxf4 39. b4 Nd5 40. Rc6 f4 41. h5 f3 42. g6 hxg6 43. hxg6 Ne7 44. Rxd6 Nxg6 45. Rd2 e5 46. Rf2 e4 47. b5 Ne5 48. Ka4 e3 0-1

[Event "Caracas Hernandez Cup"]
[Site "Caracas"]
[Date "2014.10.10"]
[Round "5"]
[White "Palomo, Franklin Annervys"]
[Black "Chacon Contreras, Juan Fernando"]
[Result "1-0"]
[WhiteElo "2211"]
[BlackElo "2159"]
[PlyCount "95"]
[EventDate "2014.10.08"]
[EventType "swiss"]
[EventRounds "9"]
[EventCountry "VEN"]
[SourceTitle "EXT 2016"]
[Source "ChessBase"]
[SourceDate "2015.10.08"]
[SourceVersion "1"]
[SourceVersionDate "2015.10.08"]
[SourceQuality "1"]

1. e4 c5 2. Nf3 d6 3. d4 cxd4 4. Nxd4 Nf6 5. Nc3 a6 6. Bg5 e6 7. f4 Be7 8. Qe2 h6 9. Bxf6 Bxf6 10. 0-0-0 Qb6 11. e5 dxe5 12. fxe5 Bg5+ 13. Kb1 Nc6 14. Nf3 Be7 15. Ne4 Bd7 16. Nd6+ Bxd6 17. Rxd6 0-0-0 18. Qe4 Kb8 19. Bc4 Bc8 20. Rhd1 Rxd6 21. exd6 Rd8 22. Qf4 Rd7 23. Bb3 Ka8 24. Ba4 f6 25. Qg4 e5 26. Qc4 Ka7 27. a3 Kb8 28. b4 Rd8 29. Kb2 Bd7 30. Bxc6 Bxc6 31. Qc5 Qxc5 32. bxc5 Kc8 33. Nd2 Kd7 34. g3 Ke6 35. Nc4 f5 36. Kc3 g5 37. Re1 e4 38. Kd4 h5 39. Ne5 Ba4 40. Rb1 b5 41. c4 f4 42. gxf4 gxf4 43. Rf1 Kf5 44. Nc6 Rd7 45. Kd5 bxc4 46. Nd4+ Kg4 47. Kxe4 Rf7 48. c6 1-0

[Event "Caracas Hernandez Cup"]
[Site "Caracas"]
[Date "2014.10.09"]
[Round "2"]
[White "Chacon Contreras, Juan Fernando"]
[Black "Vergara Duplaquet, Pablo Alejandro"]
[Result "1-0"]
[WhiteElo "2159"]
[BlackElo "2100"]
[PlyCount "55"]
[EventDate "2014.10.08"]
[EventType "swiss"]
[EventRounds "9"]
[EventCountry "VEN"]
[SourceTitle "EXT 2016"]
[Source "ChessBase"]
[SourceDate "2015.10.08"]
[SourceVersion "1"]
[SourceVersionDate "2015.10.08"]
[SourceQuality "1"]

1. e4 e5 2. Nf3 d6 3. d4 Qe7 4. Nc3 c6 5. a4 a5 6. h3 h6 7. Bc4 Nf6 8. 0-0 Na6 9. Bxa6 Rxa6 10. b3 Qc7 11. Ba3 Be7 12. Re1 Ra8 13. Qd3 g5 14. Nd2 Nh5 15. Nc4 Nf4 16. Qd2 Be6 17. d5 cxd5 18. Nb5 Qc6 19. Nbxd6+ Kf8 20. exd5 Bxd5 21. Nxe5 Qa6 22. Nd7+ Kg8 23. Rxe7 Bxg2 24. Rxf7 Nh5 25. Qd4 Rh7 26. Rxh7 Kxh7 27. Nf6+ Nxf6 28. Qxf6 1-0

[Event "VEN-ch qual 2nd Cojedes"]
[Site "San Carlos"]
[Date "2014.08.15"]
[Round "3"]
[White "Tortolero Hernandez, Cesar Aug"]
[Black "Chacon Contreras, Juan Fernando"]
[Result "1/2-1/2"]
[WhiteElo "1937"]
[BlackElo "2155"]
[PlyCount "29"]
[EventDate "2014.08.14"]
[EventType "swiss"]
[EventRounds "7"]
[EventCountry "VEN"]
[SourceTitle "EXT 2018"]
[Source "ChessBase"]
[SourceDate "2017.10.13"]
[SourceVersion "1"]
[SourceVersionDate "2017.10.13"]
[SourceQuality "1"]

1. Nf3 Nf6 2. g3 g6 3. Bg2 Bg7 4. 0-0 0-0 5. d3 c5 6. c4 Nc6 7. Nc3 d5 8. Nxd5 Nxd5 9. cxd5 Qxd5 10. Nd2 Qh5 11. Nf3 Bh3 12. Bd2 Bxg2 13. Kxg2 Rfd8 14. Bc3 e5 15. Qa4 1/2-1/2